| 000 | 00784nam a22002532 4500 | ||
|---|---|---|---|
| 001 | 0000003050 | ||
| 005 | 20151217151913.0 | ||
| 008 | 070426s xx 000 0 eng d | ||
| 020 | _a0030223431 : | ||
| 040 |
_aKABU _cKABU |
||
| 050 | 0 |
_aHG4521 _b.R45 1999 |
|
| 100 | 1 |
_aReilly, Frank K. _@0000152640 |
|
| 245 | 1 | 0 |
_aInvestments / _cFrank K. Reilly, Edgar A. Norton. |
| 250 | _a5th ed. | ||
| 260 |
_aFort Worth : _bDryden Press, _cc1999. |
||
| 300 |
_axxvi, 837 p. : _bill. ; _c27 cm. |
||
| 504 | _aIncludes bibliographical references and indexes. | ||
| 650 | 0 |
_aInvestments. _@0000105741 |
|
| 650 | 0 |
_aInvestment analysis. _@0000152635 |
|
| 700 | 1 |
_aNorton, Edgar. _@0000152641 |
|
| 908 | _a070426 | ||
| 950 | _@1 | ||
| 999 |
_c6198 _d6198 |
||